CONNECT THE DOTS (Record no. 31762)

MARC details
000 -LEADER
fixed length control field 00328nam a2200133Ia 4500
008 - FIXED-LENGTH DATA ELEMENTS--GENERAL INFORMATION
fixed length control field 240624s9999 xx 000 0 und d
041 ## - LANGUAGE CODE
Language code of text/sound track or separate title eng
082 ## - DEWEY DECIMAL CLASSIFICATION NUMBER
Classification number 828 BAN
100 ## - MAIN ENTRY--PERSONAL NAME
Personal name BANSAL RASHMI
245 ## - TITLE STATEMENT
Title CONNECT THE DOTS
260 ## - PUBLICATION, DISTRIBUTION, ETC.
Date of publication, distribution, etc. 2010
Place of publication, distribution, etc. Ahmedabad
Name of publisher, distributor, etc. Eklavya Education Foundation
300 ## - PHYSICAL DESCRIPTION
Extent 305 p.; 23 cm.
365 ## - TRADE PRICE
Currency code RS
Holdings
Withdrawn status Lost status Damaged status Not for loan Home library Current library Shelving location Date acquired Cost, normal purchase price Total Checkouts Full call number Barcode Date due Date last seen Date last checked out Price effective from Koha item type
        IMTN IMTN Rack 42-A 05/15/2019 150.00 4 828 BAN 31762 01/20/2026 01/10/2026 01/10/2026 06/24/2024 Books
Designed & Maintained by: LRC IMT Nagpur Contact: lrc@imtnag.ac.in© 2024. All Rights Reserved.